000 00594nam a2200193 a 4500
001 BRCA_2740
005 20190320203940.0
008 041208s1954----gw-a---###---#000-0#ger-u
050 4 _aSB409
_b.T46 1954
100 1 _aThomale, Hans
_97721
245 1 0 _aDie Orchideen
_bEinführung in die Kultur und Vermehrung tropischer und einheimischer Orchideen
_cvon Hans Thomale.
260 _aStuttgart, Alemania
_bE. Ulmer
_c1954
300 _a189 p.
_bil.
_c23 cm.
500 _aAA64
504 _aIncluye referencias bibliográficas.
650 1 4 _aOrquídeas
_97665
902 _aGFM
942 _2lcc
_cB
999 _c2480
_d2480